000
00326nam a2200109Ia 4500
008
171211s9999 xx 000 0 und d
245
_a
Your Brain on Food: How Chemicals Control Your Thoughts and Feelings
245
_c
Gary Wenk
260
_c
2010
650
_x
FITNESS
856
_u
http://down.ebook777.com/062/0195388542.pdf
999
_c
349062
_d
349062